[Event "AUTO-ADV-3685"]
[Site "http://www.queenalice.com/game.php?id=1435518"]
[Date "2016.8.10"]
[Round "1"]
[White "fegtri17"]
[Black "Danado"]
[Result "1-0"]
[WhiteElo "1915"]
[BlackElo "1694"]

1. d4 d5 2. c4 dxc4 3. e4 Nf6 4. Nc3 e6 5. Bxc4 Bb4 6. a3 Bxc3+ 7. bxc3 Nxe4 8.
Ne2 O-O 9. O-O Nd6 10. Bd3 a6 11. Ng3 Nf5 12. Nh5 g6 13. Qg4 Nd6 14. f4 e5 15.
f5 Nc6 16. Bg5 Qd7 17. Nf6+ 1-0

[Event "AUTO-ADV-3685"]
[Site "http://www.queenalice.com/game.php?id=1435529"]
[Date "2016.8.10"]
[Round "1"]
[White "fegtri17"]
[Black "jlpbarreto"]
[Result "1/2-1/2"]
[WhiteElo "1881"]
[BlackElo "1928"]

1. d4 Nf6 2. c4 e6 3. Nc3 d5 4. Bg5 Be7 5. Bxf6 Bxf6 6. cxd5 exd5 7. Nf3 O-O 8.
e3 Bg4 9. Be2 c6 10. O-O Nd7 11. Qc2 Bh5 12. Nd2 Bxe2 13. Nxe2 Re8 14. Ng3 Nf8
15. Rab1 a6 16. Nf3 Ne6 17. b4 Nc7 18. a4 Qd7 19. Qd3 g6 20. Rfe1 Bg7 21. e4
dxe4 22. Rxe4 Re7 23. h4 Rae8 24. Rbe1 Nd5 25. Rxe7 Rxe7 26. Rxe7 Qxe7 27. b5
axb5 28. axb5 Qb4 29. bxc6 bxc6 30. Ne2 Qb6 31. Qe4 Nf6 32. Qc2 Nd5 33. g3 Qc7
1/2-1/2

[Event "AUTO-ADV-3685"]
[Site "http://www.queenalice.com/game.php?id=1435530"]
[Date "2016.8.10"]
[Round "1"]
[White "jlpbarreto"]
[Black "fegtri17"]
[Result "0-1"]
[WhiteElo "1952"]
[BlackElo "1922"]

1. e4 e5 2. Nf3 Nc6 3. Bc4 Nf6 4. Ng5 d5 5. exd5 Nxd5 6. d3 Be7 7. h4 h6 8. Nf3
O-O 9. Bd2 Bg4 10. Nc3 Nf4 11. Bxf4 exf4 12. Ne4 Nd4 13. Ned2 Re8 14. O-O Bxh4
15. Re1 Rxe1+ 16. Qxe1 Nxc2 17. Qc1 Nxa1 18. Qxa1 Bf6 19. Ne4 Bxf3 20. gxf3 Qd4
21. Nc3 Re8 0-1

[Event "AUTO-INT-3073"]
[Site "http://www.queenalice.com/game.php?id=1436316"]
[Date "2016.8.15"]
[Round "2"]
[White "fegtri17"]
[Black "JoseMessias"]
[Result "1-0"]
[WhiteElo "1922"]
[BlackElo "1642"]

1. d4 d5 2. c4 dxc4 3. Nc3 e6 4. e4 Bb4 5. Bxc4 Nc6 6. Nf3 Nf6 7. Qe2 Nxd4 8.
Qd3 O-O 9. Nxd4 c5 10. Nf3 a6 11. Qe3 Ng4 12. Qf4 h5 13. Be2 Bxc3+ 14. bxc3 Qa5
15. Bb2 f6 16. O-O e5 17. Qg3 Qa4 18. Nd2 Qc2 19. Bxg4 Bxg4 20. Nc4 Qxe4 21. Ne3
g5 22. Nxg4 hxg4 23. Rae1 Qc2 24. Bc1 Qxa2 25. h4 Qc4 26. hxg5 f5 27. Rxe5 b5
28. g6 Kg7 29. Qh4 Rh8 30. Re7+ Kxg6 31. Qg5# 1-0

[Event "AUTO-INT-3073"]
[Site "http://www.queenalice.com/game.php?id=1436317"]
[Date "2016.8.15"]
[Round "2"]
[White "JoseMessias"]
[Black "fegtri17"]
[Result "0-1"]
[WhiteElo "1607"]
[BlackElo "1899"]

1. e4 e5 2. Nf3 Nf6 3. Nxe5 d6 4. Nf3 Nxe4 5. d3 Nf6 6. Bg5 Qe7+ 7. Qe2 Qxe2+ 8.
Bxe2 Be7 9. O-O O-O 10. Nd4 Bd7 11. f4 c5 12. Nb3 Nc6 13. f5 a5 14. a4 Nb4 15.
Bd1 Rfe8 16. Bf3 Rab8 17. Nxa5 Nxc2 18. Ra2 Ne3 19. Re1 Nxf5 20. Bxf6 Bxf6 21.
Kf2 b6 22. Nc4 Be6 23. Bc6 Bxc4 24. dxc4 Bd4+ 25. Kf1 Ne3+ 26. Rxe3 Rxe3 27. b3
Rxb3 28. Nd2 Rc3 29. Ne4 Rc1+ 30. Ke2 Be5 31. Kd2 Rxc4 32. Ke3 f5 33. Bd5+ Kf8
34. Bxc4 fxe4 35. Rf2+ Bf6 36. g4 Ke7 37. Kxe4 Rd8 38. Bd5 Rf8 39. Rb2 Bxb2 40.
Kd3 Kf6 41. Kc2 Bd4 42. Kb3 Ke5 43. Bb7 Bf2 44. g5 d5 45. h3 d4 46. Kc4 Kd6 47.
Kb5 Kc7 48. Be4 h6 49. gxh6 gxh6 50. Bd3 Rf3 51. Bc4 Rxh3 52. Be6 Rg3 53. Bf7 d3
54. Bh5 d2 55. Bd1 Rg1 56. Bc2 d1=Q 57. Bxd1 Rxd1 0-1

[Event "AUTO-INT-3073"]
[Site "http://www.queenalice.com/game.php?id=1436318"]
[Date "2016.8.15"]
[Round "2"]
[White "fegtri17"]
[Black "modesto54"]
[Result "0-1"]
[WhiteElo "1939"]
[BlackElo "1904"]

1. d4 Nf6 2. c4 g6 3. Nf3 d6 4. Nc3 Bg7 5. Bf4 O-O 6. Qd2 c5 7. Bh6 Na6 8. Bxg7
Kxg7 9. e3 Qb6 10. Bd3 Nb4 11. Bb1 Bg4 12. Be4 Nxe4 13. Nxe4 Bf5 14. Ng3 Nc2+
15. Ke2 Nxa1 16. Rxa1 Qb4 17. Qxb4 cxb4 18. Nxf5+ gxf5 19. d5 Rfc8 20. b3 b5 21.
Kd3 bxc4+ 22. bxc4 Rc5 23. Nd4 Kf6 24. Nc6 e6 25. Nxb4 a5 26. Nc6 exd5 0-1

[Event "AUTO-INT-3073"]
[Site "http://www.queenalice.com/game.php?id=1436319"]
[Date "2016.8.15"]
[Round "2"]
[White "modesto54"]
[Black "fegtri17"]
[Result "0-1"]
[WhiteElo "1874"]
[BlackElo "1883"]

1. e4 e5 2. d3 Nf6 3. Nd2 d5 4. exd5 Qxd5 5. Ngf3 Bc5 6. g3 Bf5 7. Bg2 Nc6 8.
O-O O-O 9. Nh4 Qe6 10. Nxf5 Qxf5 11. Ne4 Nd7 12. Nxc5 Nxc5 13. Be3 Nd7 14. Be4
Qe6 15. Qf3 Nf6 16. Bf5 Qd5 17. Qxd5 Nxd5 18. Bc5 Nce7 19. c4 b6 20. Ba3 Rfd8
21. cxd5 Nxf5 22. Rac1 Rac8 23. d6 Nxd6 24. Bxd6 Rxd6 25. Rc3 c5 26. f4 exf4 27.
Rxf4 Re8 28. b4 cxb4 29. Rc7 a5 30. Rfxf7 Rg6 31. Rf3 Rge6 32. Rff7 Rg6 33. Rf3
h5 34. h4 Re2 35. Rc8+ Kh7 36. Rf5 Rxg3+ 37. Kf1 Rxa2 38. Rxh5+ Kg6 39. Re5 Rxd3
40. Rc6+ Kf7 41. Rf5+ Ke7 42. Re5+ Kd7 43. Rxb6 b3 44. Rbe6 b2 45. Re7+ Kc6 46.
R7e6+ Rd6 0-1

[Event "AUTO-ADV-3594"]
[Site "http://www.queenalice.com/game.php?id=1441533"]
[Date "2016.9.16"]
[Round "2"]
[White "fegtri17"]
[Black "avieytoa"]
[Result "0-1"]
[WhiteElo "1903"]
[BlackElo "1759"]

1. d4 d5 2. c4 Nf6 3. Nc3 e6 4. Bg5 Be7 5. Bxf6 Bxf6 6. Nf3 Nc6 7. e3 h6 8. b3
O-O 9. Rc1 a6 10. e4 dxe4 0-1

[Event "AUTO-ADV-3712"]
[Site "http://www.queenalice.com/game.php?id=1444007"]
[Date "2016.10.3"]
[Round "1"]
[White "fegtri17"]
[Black "HenriqCamargo"]
[Result "1/2-1/2"]
[WhiteElo "1900"]
[BlackElo "1777"]

1. d4 Nf6 2. c4 e6 3. Nc3 Bb4 4. Nf3 O-O 5. a3 Bxc3+ 6. bxc3 d5 7. cxd5 Qxd5 8.
e3 Nc6 9. Bd3 a6 10. O-O Qh5 11. Be2 Qd5 12. Bd3 e5 13. Qc2 exd4 14. cxd4 Bg4
15. e4 Qd7 16. d5 Bxf3 17. dxc6 bxc6 18. e5 Bxg2 19. Kxg2 Qg4+ 20. Kh1 Qf3+ 21.
Kg1 Qg4+ 22. Kh1 Qf3+ 1/2-1/2

[Event "AUTO-ADV-3712"]
[Site "http://www.queenalice.com/game.php?id=1444008"]
[Date "2016.10.3"]
[Round "1"]
[White "HenriqCamargo"]
[Black "fegtri17"]
[Result "0-1"]
[WhiteElo "1802"]
[BlackElo "1948"]

1. e4 e5 2. Nf3 Nc6 3. Bb5 Nf6 4. Nc3 a6 5. Bxc6 bxc6 6. O-O Bb4 7. Re1 d6 8. d3
O-O 9. Bg5 Be6 10. a3 Bxc3 11. bxc3 Bg4 12. Bxf6 Qxf6 13. Rb1 Rfb8 14. Qe2 Rb5
15. c4 Ra5 16. Rb7 Rc8 17. Reb1 h6 18. Ra1 Qe6 19. Qe3 Bxf3 20. Qxf3 d5 21. exd5
cxd5 22. cxd5 Rxd5 23. Rab1 Ra5 24. R1b3 Ra4 25. Qd1 Rd4 26. Qe2 c5 27. Rb8 Rdd8
28. Rxc8 Rxc8 29. g3 c4 30. dxc4 Rxc4 31. Rb8+ Kh7 32. Rb3 f6 33. h3 a5 34. Kh2
Qd5 35. Qd3+ Qxd3 36. cxd3 a4 37. Rb2 Rc3 38. Ra2 Rxd3 39. Kg2 h5 40. Kf1 h4 41.
Ke2 e4 42. Ra1 hxg3 43. fxg3 Rxg3 0-1

[Event "AUTO-ADV-3712"]
[Site "http://www.queenalice.com/game.php?id=1444009"]
[Date "2016.10.3"]
[Round "1"]
[White "fegtri17"]
[Black "maurice91"]
[Result "1/2-1/2"]
[WhiteElo "1903"]
[BlackElo "1817"]

1. d4 d5 2. c4 e6 3. Nc3 c5 4. Nf3 Nc6 5. e4 dxe4 6. Nxe4 cxd4 7. Bd3 e5 8. O-O
Be7 9. Re1 Nf6 10. Neg5 h6 11. Nh3 Bxh3 12. gxh3 Qc7 13. Nxe5 Nxe5 14. Bf4 Nfd7
15. Bg3 O-O 16. Qh5 g6 17. Qxh6 Nf3+ 18. Kh1 Qc5 19. Bxg6 fxg6 20. Qxg6+ 1/2-1/2

[Event "AUTO-ADV-3712"]
[Site "http://www.queenalice.com/game.php?id=1444010"]
[Date "2016.10.3"]
[Round "1"]
[White "maurice91"]
[Black "fegtri17"]
[Result "0-1"]
[WhiteElo "1882"]
[BlackElo "1924"]

1. d4 d5 2. Bf4 f5 3. Nf3 e6 4. e3 c5 5. c3 Nc6 6. Bb5 a6 7. Bxc6+ bxc6 8. Qa4
Bd7 9. Nbd2 cxd4 10. cxd4 c5 11. Qc2 cxd4 12. Nxd4 Rc8 13. Qd3 Qb6 14. Rb1 Nf6
15. O-O Bc5 16. N2b3 Bxd4 17. Nxd4 Ng4 18. Rfc1 e5 19. Nxf5 Rxc1+ 20. Rxc1 Qxb2
21. Rf1 exf4 22. Nd6+ Ke7 23. Nf5+ Bxf5 24. Qxf5 Nf6 25. Qxf4 Rc8 26. Qg5 Kf7
27. Qf5 Rc1 28. g3 Rxf1+ 29. Kxf1 Qxa2 30. Kg2 a5 31. Qe5 Qxf2+ 0-1

[Event "AUTO-ADV-3712"]
[Site "http://www.queenalice.com/game.php?id=1444011"]
[Date "2016.10.3"]
[Round "1"]
[White "fegtri17"]
[Black "jlpbarreto"]
[Result "1-0"]
[WhiteElo "1910"]
[BlackElo "1863"]

1. d4 Nf6 2. c4 e6 3. Nc3 d5 4. Bg5 c6 5. Nf3 Be7 6. Bxf6 Bxf6 7. e3 O-O 8. Bd3
Nd7 9. Qc2 h6 10. O-O Kh8 11. b3 Re8 12. Rae1 e5 13. cxd5 exd4 14. exd4 cxd5 15.
Nxd5 b6 16. Rxe8+ Qxe8 17. Nc7 1-0

[Event "AUTO-ADV-3712"]
[Site "http://www.queenalice.com/game.php?id=1444012"]
[Date "2016.10.3"]
[Round "1"]
[White "jlpbarreto"]
[Black "fegtri17"]
[Result "0-1"]
[WhiteElo "1878"]
[BlackElo "1895"]

1. e4 e5 2. Nf3 Nc6 3. Bc4 Nf6 4. O-O Nxe4 5. Re1 d5 6. Bf1 Bc5 7. d4 Nxd4 8.
Nxe5 O-O 9. Nd3 Bb6 10. Nd2 Bf5 11. Nxe4 dxe4 12. Nf4 Nxc2 0-1